000 01858cam a22004697a 4500
001 000092021
003 CHAP
005 20220329142832.0
008 040614d2004 mx b r 00110 spa d
010 _a88488
011 _a89460
035 _a100011
040 _cCHAP
090 _aTesis
100 0 0 _aGarcía Sánchez, Francisco.
_946639
245 1 0 _aSegundo informe sobre desarrollo humano de los estados de Campeche, Yucatán y Quintana Roo ;
_banálisis comparativo 1995- 2000 /
_c/por Francisco García Sánchez.
260 _aChapingo, Méx. :
_bEl autor,
_c2004.
300 _a209 h.; :
_bilus. gráfs.
500 _aContiene ; 1 disco compacto 4 3/4 plgs.
502 _aTesis (Lic. en Estadística) -- UACH. División de Ciencias Forestales
590 _aALEPH
_b10
_c20130110
_lUCH01
_h1458
590 _aBATCH-UPD
_b10
_c20130110
_lUCH01
_h0619
590 _aBATCH-UPD
_b10
_c20130410
_lUCH01
_h0302
590 _aBATCH-UPD
_b10
_c20130914
_lUCH01
_h1144
590 _aBATCH-UPD
_b10
_c20140324
_lUCH01
_h1445
590 _aBATCH-UPD
_b10
_c20141002
_lUCH01
_h0822
590 _aCONVERSION
_b10
_c20130109
_lUCH01
_h1349
590 _aE5765TAJ
_b10
_c20130702
_lUCH01
_h1300
590 _aE5765TAJ
_b10
_c20130702
_lUCH01
_h1310
650 1 4 _aDesarrollo de la comunidad
_xYucatán.
_931977
650 1 4 _aDesarrollo de la comunidad
_zCampeche.
_931978
650 1 4 _aDesarrollo de la comunidad
_zQuintana Roo.
_931988
856 _3Finding aid
_uhttp://10.13.5.2/tesis/100011.pdf
_zTeclea aquí
901 _aBK
905 _aMayto Villalobos S.
942 _cCD
942 _n0
949 _aTesis
_bBC
_cTES
_d100011123
_eTS1
_h42093
_i100011
_sb
949 _aTesis
_bBC
_cTES
_d33724000926572
_eTS2
_fc.2
_h42094
_i100011
_si
949 _aTesis
_bBC
_cTES
_d33724002024842
_eCD
_fCD
_i100011
_sb
949 _aTesis
_bBC
_cTES
_d33724002024884
_eCD
_fc.2 CD
_i100011
_sb
999 _c88488
_d88488